00792nam a22001817a 4500003000900000008004100009020001500050040007100065082001900136245006300155260004800218300005200266440004300318505018600361650001900547650002100566650002300587AR-CdUCM190228b ||||| |||| 00| 0 spa d a0862100003 aMUNICIPALIDAD PROVINCIAL DEL CUSCOcBIBLIOTECA MUNICIPAL DEL CUSCO a344.311 /bP41 aLa Pena de Muerte :bInforme de Amnistía Internacional / aLondres :bAmnistía Internacional,c1979. a240 páginas ;bfotografías, cuadro,c23 cm. aPublicaciones Amnistía Internacional aContenido: En favor de la abolición -- La pena de muerte y el derecho internacional -- La pena de muerte: Estudio por países -- Homicidios cometidos o tolerados por el Gobierno. aPena de muerte aDerechos humanos aPresos políticos